000 00990nam a2200265Ia 4500
003 OSt
005 20221005105151.0
006 a|||||r|||| 00| 0
007 ta
008 221004b |||||||| |||| 00| 0 hin d
020 _a9788179752357 (hbk)
_c300
024 _a19966
037 _b492, 25/03/2015, Swaraj Prakashan
_cTextual
040 _aCRL
_cCRL
_bhin
041 _2hin
_ahin
082 _aO152,1:gN, P8
100 _aभल्ला, सरस्वती
245 0 _aआधुनिक हिन्दी कविता
_b विविध आयाम
246 _aĀdhunik hindī kavitā: vividh āyāma
260 _aनई दिल्ली
_bअनामिका पब्लिशर्स भारत
_c2008
300 _a182पृ0
_ccm.
650 _aहिन्दी साहित्य
942 _hO152,1:gN, P8
_cTEXL
_2cc
999 _c1014982
_d1014982